| 000 | 00515nam a2200181 a 4500 | ||
|---|---|---|---|
| 005 | 20140310183254.0 | ||
| 008 | 041022s19uu xx 00 eng d | ||
| 020 | _a0761948619 | ||
| 050 |
_aHM 571 _b.M37 2004 |
||
| 100 | _aMarvasti, Amir B. | ||
| 245 |
_aQualitative research in sociology. / _cAmir B. Marvasti |
||
| 260 |
_aLondon : _bSAGE Publications, _c2004. |
||
| 300 |
_a160 p. : _c23 cm. |
||
| 650 |
_aSociology _xResearch. |
||
| 650 | _aQualitative Research. | ||
| 942 |
_cBK _2lcc _kFOR |
||
| 999 |
_c20838 _d20838 |
||